Записки разных лиц Н.Н. Новосильцеву об улучшении положения крестьян в Польше, о политическом положении в Италии, изменении зако...

Доступно только в Электронных читальных залах Найти на картеНа карте
RUSMARC
00003795nmc2a22002413x 450
001108d8722-bb47-4247-b870-23f522575a8f
00520210120202707.0
100##$a20200721l18031811k l0rusy0189 ca
1010#$arus
$aund
102##$aRU
105##$ay###
1222#$ad
2001#$aЗаписки разных лиц Н.Н. Новосильцеву об улучшении положения крестьян в Польше, о политическом положении в Италии, изменении законов о банкротах, деятельности арбитров, содействии эстонскому дворянству в получении займа и другим вопросам
$jянварь 1803 г. - 11 октября 1811 г.
215##$a36 л.
$d36,5х26 см
251##$cДело
300##$aНа русском и иностранных языках
371##$aДокумент не является опубликованным и широко распространяемым
461#0$100128879f16-ff4e-4f8d-badb-77e4852a6b46
$12001
$aКанцелярия Н. Н. Новосильцева
$1251
$cФонд
$1852
$j14
462#0$10011a29f678-13d1-4ea0-bc65-cb17ceb99ac0
$12001
$a1769-1830 гг.
$1251
$cОпись
$1852
$j1
801#0$aRU
$bРГИА
$c20200721
$gRCR
801#1$aRU
$bГлавНИВЦ
$c20200721
$2rusmarc
801#2$aRU
$bПБ им. Б.Н. Ельцина
$c20210120
$gRCR
$2rusmarc
850##$aРГИА
852##$aРГИА
$eФедеральное казенное учреждение "Российский государственный исторический архив" (РГИА)
$j26
937##$hРГИА
$d12346755
$aASBIBLIO_SCAN
035##$aRusGRCC00008082
856##$uhttp://readingroom.main.prlib.ru/item.aspx?id_node=n154654701&mode=full
Формат отображения